Estadísticas para Marcas de autos #4

Haz click aquí para intentar la prueba.

Estadísticas generales

  • Esta prueba ha sido intentada 87 veces
  • La puntuación promedio es 6 de 7

Respuestas en el mapa

Las respuestas están codificadas por una escala verde-roja en el mapa de la prueba según el % correcto abajo.
 

Estadísticas de respuestas

Respuesta% Correcto
Audi
100%
Land Rover
100%
Ferrari
99%
Maybach
84%
Smart
77%
Isuzu
62%
Lincoln
57%

Distribución de puntuación

Porcentaje por número respondido

Porcentaje de gente con cada puntuación

Historial de tus puntuaciones

No has intentado esta prueba.